000 01545nam a2200421 c 4500
001 5912
003 ES-MaCES
005 20150925141953.0
008 970929s1997 fr d ||| | eng d
020 _a9264154817
035 _aCES19980059611m
040 _aES-MaCES
_bspa
_cES-MaCES
100 1 _aVéganzonès, Marie-Ange
_925628
245 1 0 _aArgentina in the 20th century
_b: an account of long-awaited growth
_cby Marie-Ange Véganzonès, with Carlos Winograd
260 _aParis
_bDevelopment Centre of the Organisation for Economic Co-operation and Development
_ccop. 1997
300 _a275 p.
_bgráf.
_c23 cm
490 1 _aDevelopment Centre Studies. Long-term Growth Series
504 _aBibliografía: p. 261-275
541 _cCompra
650 4 _acrecimiento económico
_927094
650 4 _acondiciones económicas
_927081
650 4 _aproductividad
_928259
650 4 _aintervención estatal
_929380
650 4 _agasto público
_928076
650 4 _amercado financiero
_928150
650 4 _aArgentina
_926852
650 4 _a1990-1995
_931160
650 4 _acuadros estadísticos
_928890
650 4 _ainforme
_928986
653 1 0 _aCondiciones económicas
650 4 _928077
_ahacienda pública
700 1 _aWinograd, Carlos
_926333
710 2 _aOrganización de Cooperación y Desarrollo Económico
_bCentro de Desarrollo
_eed.
_94695
830 0 _aDevelopment Centre Studies
_pLong-term Growth Series
_932898
902 _aLIB Libro
942 _2CES
_cBK
_h0.0.
999 _c5912
_d5912